000 00678nam a2200217Ii 4500
001 1506
003 CO-ViMGA
008 241108s9999||||xx |||||||||||||| ||und||
020 _a8471149427
040 _aCO-ViMGA
_bspa
_erda
_cCO-ViMGA
041 0 _aspa
082 0 4 _a628.92 M17m
100 1 _aEnrique Martínez Ruiz
_946501
245 1 0 _aManual de quemas controladas :
_bel manejo del fuego en la prevención de incendios forestales
264 1 _aMadrid, España : Mundi-Prensa, 2001
300 _avolumen
336 _atext
_btxt
_2rdacontent
337 _aunmediated
_bn
_2rdamedia
338 _avolume
_bnc
_2rdacarrier
940 _aidficha_siabuc: 1475. -- ficha_no_siabuc:1506
999 _c41067
_d41067